Direito Internacional. Casos prc̀ticos simplificados e resolvidos /

Detalles Bibliográficos
Autor principal: Abel, Laureano
Formato: Seriadas
Lenguaje:portugués
Publicado: Oporto : Elcla editora, 2010.
Materias:
Acceso en línea:Acceso restringido

MARC

LEADER 00000nas a22000007a 4500
005 20110829112556.0
008 110829t2010 po ||||s|||| 001 0 por d
020 |a 978-972-749-231-2  
035 |a 5671 
040 |a vLex 
090 |c 2283  |d 2283 
100 1 |a Abel, Laureano 
245 1 0 |a Direito Internacional.  |b Casos prc̀ticos simplificados e resolvidos /  |h [Recurso electrn̤ico] :  |c Abel Laureano 
256 |a Servicio en ln̕ea. 
260 |a Oporto :  |b Elcla editora,   |c 2010. 
506 1 |a Contenido solo disponible en los productos indicados  |d vLex Global  |d vLex Global (Academic Edition, excluding Law Schools)  |d vLex Global (U.S. Academic Edition, Law Schools)  |d vLex Global (U.S. Academic Edition, excluding Law Schools)  |d vLex Global (Academic Edition, Law Schools) 
650 0 4 |a Derecho internacional 
740 0 |a vLex Libros (Servicio en ln̕ea) 
856 4 0 |u http://vlex.com/source/direito-internacional-casos-practicos-5671  |z Acceso restringido 
942 |c BOOK